| 000 | 00381nam a2200109Ia 4500 | ||
|---|---|---|---|
| 008 | 171211s9999 xx 000 0 und d | ||
| 245 | _aBirdwatcher's Daily Companion: 365 Days of Advice, Insight, and Information for Enthusiastic Birders | ||
| 245 | _cMarcus Schneck and Tom Warhol | ||
| 260 | _c2010 | ||
| 650 | _xANIMALS | ||
| 856 | _uhttp://down.ebook777.com/041/1592536506BDC.pdf | ||
| 999 |
_c348508 _d348508 |
||